| 000 | 00372nam a22001337a 4500 | ||
|---|---|---|---|
| 020 | _a9780471572558 | ||
| 040 | _cNust | ||
| 082 |
_a670.427 _bASF |
||
| 100 |
_aC.Ray Asfahl _9126330 |
||
| 245 | _aRobots and manufacturing automation | ||
| 260 |
_aNew York: _bJohn Willey and sons Inc, _c1992. |
||
| 650 |
_aRobots and manufacturing automation _9126331 |
||
| 942 |
_2ddc _cBK |
||
| 999 |
_c612027 _d612027 |
||